000 00295nam a22001337a 4500
008 170907b xxu||||| |||| 00| 0 eng d
020 _a037038011951
041 _aeng
080 _a721
100 _a41
101 _aNDI
245 _aBUILD YOUR OWN STONE HOUSE
_cSCHWENKE,K
942 _2udc
_cBK
999 _c26556
_d26556